02013 a2200277 450000500170000000800410001704000520005804100080011004100080011824500410012624600160016726000500018330000460023350005800027950803320085951101550119154600690134665000420141565000210145765000240147870000250150271000230152771000170155071000210156785601470158820140519133349.0140514s2002 xx g q mlmul d aCO-BoUCMbspacOscar AnayadAldemar Mondragón aeng aspa00aThe CorecJon Amiel, directorh[DVD]13aEl Núcleo a[Lugar desconocido]bParamount Picturesc2002 a1 DVD, 135 minutosbimagen, sonido, color aSINOPSIS: Un geólogo, el doctor Josh Keyes, ha hecho un descubrimiento terrorifico: el núcleo interno de la tierra ha dejado de girar. El campo magnéticodel planeta se está deteriorando, y en unos meses, la tierra será destruida. La única esperanza: el doctor Keyes y un equipo de científicos de élite serán enviados al centro de la tierra en una nave subterránea. Mientras el destino de la humanidad pende de un hilo, los científicos y la tripulación de la nave deben conseguir algo inimaginable: estallar una carga nuclear para reactivar el núcleo aCRÉDITOS: Dirigida por Jon Amiel ; escrita por Cooper Layne y John Rogers ; producida por Sean Bailey ; música por Christopher Young ; fotografía por John Lindley ; diseño de producción por Philip Harrison ; dirección de arte por Andrew Neskoromny ; ambientación por Lin MacDonald ; vestuario por Daniel J. Lester0 aREPARTO: Aaron Eckhart, Christopher Shyer, Ray Galletti, Hilary Swank, Delroy Lindo, Eileen Pedde, Rekha Sharma, Stanley Tucci, DJ Qualls, Tom Scholte aAudio en inglés y español. Subtítulos inglés y español 7aPelículas de ciencia ficciónvDVD 7aGeología vDVD 7aFin del mundo vDVD1 aAmiel, Jonedirector2 aParamount Pictures2 aDavid Foster2 aCore Productions40uhttps://www.youtube.com/watch?v=LVkocdkcmAczSiga este enlace para ver el trailerzTrailer tomado del canal Paramount Movies vía YouTube.com